Los trabajos en la pampa salitrera

Guardat en:
Dades bibliogràfiques
Autor principal: Macuer Llaña, Horacio (autor)
Format: Llibre
Idioma:espanyol
Publicat: Valparaíso Salesianos 1930
Matèries:
Etiquetes: Afegir etiqueta
Sense etiquetes, Sigues el primer a etiquetar aquest registre!

MARC

LEADER 00000nam a2200000 a 4500
001 UCH8928
003 CL-VaPUC
008 091217e19300000cl |||||||||||||||||spa|d
082 0 4 |a 553.64983  |b MAC  |2 21 
100 |a Macuer Llaña, Horacio  |e autor  |9 545682 
245 1 4 |a Los trabajos en la pampa salitrera 
300 |a 319 p 
942 |c BK 
945 |d 20091217 00:00:00  |a rbrito 
260 |a Valparaíso  |b Salesianos  |c 1930 
650 0 |a Salitre  |9 313872 
650 7 |a SALITRERAS  |2 CL-VaPUC  |9 375452 
650 0 |a Historia de Chile  |9 265473 
650 0 |a Industria minera  |9 260256 
650 7 |a MINEROLOGIA  |2 CL-VaPUC  |9 529342 
651 7 |a CHILE  |2 CL-VaPUC  |9 545683 
583 |a last modification  |c 20171227 04:54:25  |k Rodrigo Vera 
999 |c 339009  |d 339007 
952 |0 0  |1 0  |4 0  |6 553_649830000000000_MAC_1930  |7 0  |8 X  |9 432344  |a FDOBUD  |b FDOBUD  |d 2019-11-22  |i 462260K  |o 553.64983 MAC 1930  |p 462260K  |r 2019-11-22  |w 2019-11-22  |y BK_X  |k BUD